书目信息 |
| 题名: |
工程力学
|
|
| 作者: | 张美元 主编 | |
| 分册: | 土建类 | |
| 出版信息: | 郑州 黄河水利出版社 2010.09 |
|
| 页数: | 348页 | |
| 开本: | 26cm | |
| 丛书名: | ||
| 单 册: | ||
| 中图分类: | TB12 | |
| 科图分类: | ||
| 主题词: | 工程力学--gong cheng li xue--高等职业教育--教材 | |
| 电子资源: | ||
| ISBN: | 978-7-80734-854-2 | |
| 000 | 00830nam0 2200265 450 | |
| 001 | 012010658593 | |
| 005 | 20101221161842.73 | |
| 010 | @a978-7-80734-854-2@dCNY43.00 | |
| 100 | @a20101221d2010 em y0chiy0120 ea | |
| 101 | 0 | @achi |
| 102 | @aCN@b410000 | |
| 105 | @aak a 000yy | |
| 106 | @ar | |
| 200 | 1 | @a工程力学@Agong cheng li xue@i土建类@f张美元主编@Fzhang mei yuan zhu bian |
| 205 | @a第2版 | |
| 210 | @a郑州@c黄河水利出版社@d2010.09 | |
| 215 | @a348页@c图@d26cm | |
| 300 | @a高职高专“十二五”规划教材 | |
| 320 | @a有书目 (第348页) | |
| 330 | @a本书共分为力学基础、杆件承载能力计算、杆件结构受力分析三部分内容。 | |
| 606 | 0 | @a工程力学@Agong cheng li xue@x高等职业教育@j教材 |
| 690 | @aTB12@v4 | |
| 701 | 0 | @a张美元@Azhang mei yuan@4主编 |
| 801 | 0 | @aCN@bQSSK@c20101221 |
| 905 | @b789570-72@dTB12@eZ148@f3 | |
| 工程力学.土建类/张美元主编.-第2版.-郑州:黄河水利出版社,2010.09 |
| 348页:图;26cm |
| 高职高专“十二五”规划教材 |
| ISBN 978-7-80734-854-2:CNY43.00 |
| 本书共分为力学基础、杆件承载能力计算、杆件结构受力分析三部分内容。 |
| ● |
| 相关链接 |
|
|
|
正题名:工程力学
索取号:TB12/Z148
 
预约/预借
| 序号 | 登录号 | 条形码 | 馆藏地/架位号 | 状态 | 备注 |
| 1 | 789570 | 207895704 | 自科库501/501自科库 3排2列5层/ [索取号:TB12/Z148] | 在馆 | |
| 2 | 789571 | 207895713 | 自科库501/501自科库 3排2列5层/ [索取号:TB12/Z148] | 在馆 | |
| 3 | 789572 | 207895722 | 自科库501/501自科库 3排2列5层/ [索取号:TB12/Z148] | 在馆 |